| 000 | 00794nam a22002777a 4500 | ||
|---|---|---|---|
| 001 | 9505 | ||
| 003 | FISKH | ||
| 005 | 20260115162032.0 | ||
| 008 | 260115b cb ||||| |||| 00| 0 eng d | ||
| 020 | _a0241112028 | ||
| 040 |
_aFISKH _beng _cFISKH _dFISKH |
||
| 050 | _aPZ7 | ||
| 082 | _a823 | ||
| 100 |
_aBennett, Olivia _eAuthor |
||
| 245 |
_aA farm in the city / _cOlivia Bennett ; photographs by Christopher Cormack |
||
| 260 |
_aLondon : _bHamish Hamilton , _c1984 |
||
| 300 |
_a29 pages : _bphotographs ; _c21 cm |
||
| 505 | _aR | ||
| 520 | _aCity farms in England, Scotland and Wales. | ||
| 521 | 8 |
_a700
_bLexile estimate |
|
| 521 | 8 |
_aR
_bRaz-Plus |
|
| 650 |
_aCity farm _vAnimals |
||
| 700 |
_aCormack, Christopher _ePhotographer |
||
| 942 |
_2ddc _cBK _n0 |
||
| 999 |
_c9505 _d9505 |
||